| 000 | 01341cam a22004214a 4500 | ||
|---|---|---|---|
| 999 |
_c3995 _d3995 |
||
| 001 | ocm49500495 | ||
| 003 | OCoLC | ||
| 005 | 20171101172551.0 | ||
| 008 | 020327r20031890nju d 000 0 eng | ||
| 010 | _a 2002024331 | ||
| 020 |
_a1584772638 _q(cloth ; _qalk. paper) |
||
| 020 |
_a9781584772637 _q(cloth ; _qalk. paper) |
||
| 029 | 1 |
_aAU@ _b000023471560 |
|
| 029 | 1 |
_aGBVCP _b347447783 |
|
| 029 | 1 |
_aNZ1 _b8156931 |
|
| 035 |
_a(OCoLC)49500495 _z(OCoLC)834288034 |
||
| 040 |
_aDLC _beng _cDLC _dBTCTA _dBAKER _dYDXCP _dOCLCG _dOCLCF _dOCLCQ _dOCLCO _dGBVCP _dOCLCQ |
||
| 042 | _apcc | ||
| 043 | _ae-uk--- | ||
| 049 | _aTZAA | ||
| 050 | 0 | 0 |
_aKD313 _b.S77 2003 |
| 082 | 0 | 0 |
_a340/.03 _221 |
| 100 | 1 |
_aStroud, Frederick, _d1835-1912. |
|
| 245 | 1 | 4 |
_aJudicial dictionary of words and phrases judicially interpreted / _cby F. Stroud. |
| 260 |
_aUnion, N.J. : _bLawbook Exchange, _c2003. |
||
| 300 |
_acxvi, 916 pages ; _c26 cm |
||
| 500 | _aOriginally published: London : Sweet and Maxwell, 1890. | ||
| 650 | 0 |
_aLaw _zGreat Britain _vDictionaries. |
|
| 650 | 0 |
_aLaw _vDictionaries. |
|
| 650 | 7 |
_aLaw. _2fast |
|
| 650 | 7 |
_aCommon law _2gnd |
|
| 650 | 7 |
_aRecht _2gnd |
|
| 651 | 7 |
_aGreat Britain. _2fast |
|
| 653 | 0 |
_aLaw _aDictionaries _aGreat Britain |
|
| 653 | 0 |
_aLaw _aDictionaries |
|
| 655 | 7 |
_aDictionaries. _2fast |
|
| 942 |
_2lcc _cBOOK |
||